| 000 | 01433cam a22003374a 4500 | ||
|---|---|---|---|
| 999 |
_c57474 _d57474 |
||
| 001 | 15251637 | ||
| 005 | 20221107161615.0 | ||
| 008 | 080407s2009 enka b 001 0 eng | ||
| 010 | _a 2008015531 | ||
| 016 | 7 |
_a101470824 _2DNLM |
|
| 020 | _a9781405169110 (alk. paper) X | ||
| 020 | _a1405169117 (alk. paper) X | ||
| 020 | _a9781405169110 X | ||
| 041 | _aeng | ||
| 080 | _a616.3 T-42 | ||
| 082 | 0 | 0 |
_a616.3/3 _222 |
| 245 | 0 | 0 |
_aTextbook of gastroenterology / _cedited by Tadataka Yamada ; associate editors, David H. Alpers ... [et al.]. _bVolume 1 / |
| 250 | _a5th ed. | ||
| 260 |
_aChichester, West Sussex ; _aHoboken, NJ : _bBlackwell Pub., _c2009. |
||
| 300 |
_a2 v. (xxi, 3440, cxi p.) : _bill. (some col.) ; _c29 cm + _e1 CD-ROM (4 3/4 in.) |
||
| 650 | 0 |
_aGastroenterology. _98769 |
|
| 650 | 0 |
_aGastrointestinal system _xDiseases. _98770 |
|
| 650 | 1 | 2 |
_aGastrointestinal Diseases. _98771 |
| 653 | _aგასტროენტეროლოგია | ||
| 653 | _aმედიცინა | ||
| 700 | 1 |
_aYamada, Tadataka. _eრედაქტორი _98772 |
|
| 700 | 1 |
_aAlpers, David H. _eრედაქტორი _98773 |
|
| 906 |
_a7 _bcbc _corignew _d1 _eecip _f20 _gy-gencatlg |
||
| 942 |
_2udc _cBK |
||
| 955 |
_ajc02 2008-4-8 _aaa27 2008-04-08 _axe10 2008-12-30 v 1-2 rec'd., to CIP ver. _axh00 2009-01-06 to USPL/STM _aItem 00239528442 received in CCS 2009-11-09 _aItem 00239528442 left CCS 2009-11-25 |
||